| 000 | 00816cab a2200193 4500 | ||
|---|---|---|---|
| 001 | ##L134808 | ||
| 008 | 060904n2006 000 0 eng u | ||
| 035 | _a(Sirsi) u134808 | ||
| 041 | 0 | _aeng | |
| 100 | 1 | _aMorrison, Doug | |
| 245 | 0 | 0 | _aStuck in the works |
| 260 | _c2006 | ||
| 490 | 0 |
_aProperty Week _v71(35) 1 September 2006, 50-51(2) |
|
| 520 | _aDiscusses criticism by the housebuilder Weston that development in the Thames Gateway is slowing due to delays in the planning process. Weston have claimed that a proposed housing development can typically take over two years to make it through the planning system, and may entail up to three applications and two appeals. | ||
| 590 | _aIKA050906 | ||
| 651 | 4 | _aLONDON | |
| 690 | _aENVIRONMENTAL AND LAND CONSULTANCY-PLANNING AND DEVELOPMENT | ||
| 942 | _n0 | ||
| 999 |
_c77658 _d77658 |
||